000 00481nam a22001457a 4500
082 _a004
100 _aKhan, Sohaib
245 _aA Critical Analysis of Various Web Domains in Pakistan-Anomalies and Countermeasures /
_cSohaib Khan
260 _aIslamabad :
_bMCS - NUST,
_c2017.
300 _a252 p. ;
_c30cm.
650 _aInformation Security-MS-Thesis
_916348
700 _aDr. Imran Rashid
_935026
942 _2ddc
_cTHE
999 _c540825
_d540825